Persona. L'élaboration d'une notion rhétorique au Ier siècle av. J.- C.
Salvato in:
| Autore principale: | |
|---|---|
| Natura: | Libro |
| Lingua: | inglese |
| Pubblicazione: |
Paris, France:
Librairie Philosophique J. Vrin,
2009.
|
| Serie: | Textes et traditions,
|
| Soggetti: | |
| Tags: |
Aggiungi Tag
Nessun Tag, puoi essere il primo ad aggiungerne!!
|
MARC
| LEADER | 00000nam a22000007a 4500 | ||
|---|---|---|---|
| 003 | CL-VaPUC | ||
| 005 | 20220822114811.0 | ||
| 008 | 220803t2009 ||||| |||| 00| 0 eng d | ||
| 999 | |c 437945 |d 437943 | ||
| 020 | |a 978-2-7116-2234-4 | ||
| 040 | |c Pontificia Universidad Católica de Valparaíso | ||
| 082 | |2 22 |a 808.0471 GUE 2009 | ||
| 100 | |9 874762 |a Guérin, Charles |e auteur | ||
| 245 | |a Persona. |b L'élaboration d'une notion rhétorique au Ier siècle av. J.- C. | ||
| 260 | |a Paris, France: |b Librairie Philosophique J. Vrin, |c 2009. | ||
| 300 | |a Volumen I. | ||
| 490 | |a Textes et traditions, |n 18. | ||
| 500 | |a c.1 Donación Familia Prof. Alejandro Guzmán Brito | ||
| 505 | |a v.I: Antécédents grecs et première rhétorique latine. | ||
| 511 | |a Ouvrage publié avec le concours du Centre national du livre et du CERCAM de l'Université Paul Valéry (Montpellier III). | ||
| 583 | |c 20220803 |k Yessy Sthefany Diaz Vidal | ||
| 650 | 0 | |9 266620 |a Retórica |x Lenguas latinas | |
| 650 | 0 | |9 265027 |a Oratoria griega |x Noción | |
| 942 | |2 ddc |c BK |n 0 | ||
| 952 | |0 0 |1 0 |2 ddc |4 0 |6 808_047100000000000_GUE_2009 |7 1 |8 C_AGB |9 585803 |a BIBDER |b BIBDER |d 2022-08-03 |e Donación |i 5652194 |o 808.0471 GUE 2009 |p 5652194 |r 2023-01-25 |t 1 |w 2022-08-03 |y BK_US |k AGB | ||